| 000 | 02215nam0a2200385 4500 | ||
|---|---|---|---|
| 001 | RU\NLR\BIBL_A\012790529 | ||
| 005 | 20220901150919.0 | ||
| 010 |
_a978-5-17-136413-7 _92000 |
||
| 021 |
_aRU _bКН-П-22-008027 _9КН-П-22-0650 |
||
| 035 | _a(NLR Aleph) 012790529 | ||
| 035 | _a(RuMoRGB)010976663 | ||
| 090 |
_a13151668 _c13151668 |
||
| 100 | _a20220518d2021 c y0rusy50 ca | ||
| 101 | 1 |
_arus _ceng |
|
| 102 | _aRU | ||
| 105 | _aa|||z|||00|ay | ||
| 181 | 0 |
_ai2 _baxxe |
|
| 181 | 0 |
_ab2 _bbb2e |
|
| 182 | 0 | _an | |
| 200 | 1 |
_aМопс _iДень мокрых лап _e[для младшего школьного возраста] _fКайла Мэй _g[пер. с англ. В. Цатряна] |
|
| 203 |
_aТекст _bвизуальный _cнепосредственный |
||
| 210 |
_aМосква _cАСТ _d2021 |
||
| 215 |
_a77, [4] с. _cцв. ил. _d22 |
||
| 225 | 1 | _aКниги Вилли Винки | |
| 225 | 1 | _aСерия "Тайная жизнь мопса" | |
| 330 | _aМестный приют для бездомных животных не может закупить новые игрушки для своих питомцев. Барон фон Пузырь (известный как Пуз) и его хозяйка Белла должны обязательно спасти положение. Но как им собрать нужную сумму денег на благотворительность? Конечно же, они будут мыть домашних животных. Но оказывается, это не так-то и просто... <Мопс. День мокрых лап> - это настоящий дневник смешного пёсика, который идеально подойдёт для первого чтения и поднимет настроение с первых страниц | ||
| 333 | _a0+; 6- | ||
| 686 | 0 | _aШ9(82)60-4 | |
| 700 | 1 |
_7ca _8rus _aМэй _bК. _gКайла _9245819 _3RU\NLR\AUTH\770245875 |
|
| 942 | _cBOOK | ||
| 980 | _aNB | ||